Percutaneous Laser Disc Decompression. A Practical Guide

Podrobná bibliografie
Další autoři: Choy D. S. J. Daniel S. J. (редактор)
Jazyk:angličtina
Vydáno: New York, Springer, 2003
Témata:
Médium: MixedMaterials Kniha
KOHA link:https://koha.lib.tpu.ru/cgi-bin/koha/opac-detail.pl?biblionumber=141848

MARC

LEADER 00000nam0a2200000 4500
001 141848
005 20231031142546.0
010 |a 038700260X 
035 |a (RuTPU)RU\TPU\book\153746 
090 |a 141848 
100 |a 20080827d2003 k y0engy50 ba 
101 0 |a eng 
102 |a US 
105 |a a z 001zy 
200 1 |a Percutaneous Laser Disc Decompression. A Practical Guide  |f editor D. S. J. Choy 
210 |a New York  |c Springer  |d 2003 
215 |a 239 p.  |c il. 
320 |a Библиография в конце глав. 
320 |a Index: p. 229-239. 
610 1 |a медицина 
610 1 |a межпозвоночные диски 
610 1 |a болезни 
610 1 |a хирургия 
610 1 |a грыжи 
610 1 |a лазеры 
610 1 |a английский язык 
675 |a 615.84  |v 3 
702 1 |a Choy  |b D. S. J.  |g Daniel S. J.  |4 340 
801 1 |a RU  |b 63413507  |c 20080827  |g PSBO 
801 2 |a RU  |b 63413507  |c 20080922  |g PSBO 
942 |c BK